Statistics for Top 20 LeBron Teammates Ever

Click here to take the quiz!

General Stats

  • This quiz has been taken 69 times
  • The average score is 9 of 20

Answer Stats

TeamPlayer% Correct
MIA, CLEDwyane Wade
98%
LALAnthony Davis
97%
CLEKyrie Irving
94%
MIAChris Bosh
92%
CLEKevin Love
89%
LALRussell Westbrook
83%
CLEShaquille O'Neal
75%
LALDwight Howard
64%
MIARay Allen
55%
LALCarmelo Anthony
52%
CLEDerrick Rose
38%
LALRajon Rondo
34%
CLEDeron Williams
23%
CLE, LALIsaiah Thomas
22%
LALBrandon Ingram
16%
LALMarc Gasol
8%
CLEAntawn Jamison
3%
CLEBen Wallace
3%
MIARashard Lewis
2%
CLEShawn Marion
2%

Score Distribution

Percentile by Number Answered

Percent of People with Each Score

Your Score History

You have not taken this quiz